Vivas en su jardín : (Registro nro. 7814)

Detalles MARC
000 -LEADER
fixed length control field 01450nam a2200373 a 4500
001 - CONTROL NUMBER
control field 000044148
003 - CONTROL NUMBER IDENTIFIER
control field DO-SdBNP
005 - DATE AND TIME OF LATEST TRANSACTION
control field 20170929115824.0
007 - PHYSICAL DESCRIPTION FIXED FIELD--GENERAL INFORMATION
fixed length control field 000044148
008 - FIXED-LENGTH DATA ELEMENTS--GENERAL INFORMATION
fixed length control field 140602s2011 dr ac 000 0 spa d
020 ## - INTERNATIONAL STANDARD BOOK NUMBER
International Standard Book Number 9789945429176
040 ## - CATALOGING SOURCE
Original cataloging agency BPMSU
Language of cataloging spa
Transcribing agency BPMSU
082 #4 - DEWEY DECIMAL CLASSIFICATION NUMBER
Classification number RD863.44
Item number M671v, 2011
100 1# - MAIN ENTRY--PERSONAL NAME
Personal name Mirabal, Dedé,
Dates associated with a name 1925-
245 10 - TITLE STATEMENT
Title Vivas en su jardín :
Remainder of title memorias /
Statement of responsibility, etc. Dedé Mirabal; introducción de Júlia Álvarez
250 ## - EDITION STATEMENT
Edition statement 3a. ed.
260 ## - PUBLICATION, DISTRIBUTION, ETC. (IMPRINT)
Place of publication, distribution, etc. Santo Domingo :
Name of publisher, distributor, etc. Aguilar :
-- Santillana,
Date of publication, distribution, etc. 2011
300 ## - PHYSICAL DESCRIPTION
Extent 336 p. :
Other physical details il., retrs. ;
Dimensions 24 cm.
500 ## - GENERAL NOTE
General note Incluye datos biográficos de la autora en la solapa de contracubierta
504 ## - BIBLIOGRAPHY, ETC. NOTE
Bibliography, etc Incluye referencias bibliográficas y notas al pie de las páginas
600 14 - SUBJECT ADDED ENTRY--PERSONAL NAME
Personal name MIRABAL, MARÍA TERESA,
Dates associated with a name 1935-1960
600 14 - SUBJECT ADDED ENTRY--PERSONAL NAME
Personal name MIRABAL, MINERVA,
Dates associated with a name 1926-1960
600 14 - SUBJECT ADDED ENTRY--PERSONAL NAME
Personal name MIRABAL, PATRIA MERCEDES,
Dates associated with a name 1924-1960
600 14 - SUBJECT ADDED ENTRY--PERSONAL NAME
Personal name TAVÁREZ JUSTO, MANOLO,
Dates associated with a name 1931-1963
650 #4 - SUBJECT ADDED ENTRY--TOPICAL TERM
Topical term or geographic name as entry element NOVELA HISTÓRICA DOMINICANA
650 #4 - SUBJECT ADDED ENTRY--TOPICAL TERM
Topical term or geographic name as entry element HISTORIA EN LA LITERATURA
650 #4 - SUBJECT ADDED ENTRY--TOPICAL TERM
Topical term or geographic name as entry element LITERATURA DOMINICANA
651 #4 - SUBJECT ADDED ENTRY--GEOGRAPHIC NAME
Geographic name REPÚBLICA DOMINICANA
General subdivision HISTORIA
Chronological subdivision ERA DE TRUJILLO, 1930-1961
700 12 - ADDED ENTRY--PERSONAL NAME
Personal name Álvarez, Júlia,
Relator term introd.
910 ## - USER-OPTION DATA (OCLC)
User-option data Validado. Control de calidad MFF
942 ## - ADDED ENTRY ELEMENTS (KOHA)
Source of classification or shelving scheme Dewey Decimal Classification
Koha item type Libros
945 ## - LOCAL PROCESSING INFORMATION (OCLC)
a Inventariado / 2017 VM
956 ## - LOCAL ELECTRONIC LOCATION AND ACCESS (OCLC)
Host name VMATEO
Access number 10
Compression information 20150507
Logon BPMSU
Processor of request 00151
Existencias
Withdrawn status Lost status Source of classification or shelving scheme Damaged status Not for loan Home library Current library Date acquired Total Checkouts Full call number Barcode Date last seen Price effective from Koha item type Collection code Copy number
    Dewey Decimal Classification     Biblioteca Pública Metropolitana Salomé Ureña Biblioteca Pública Metropolitana Salomé Ureña 05/07/2015   RD863.44 M671v BPMSU15051584 05/07/2015 05/07/2015 Libros    
    Dewey Decimal Classification     Biblioteca Pública Metropolitana Salomé Ureña Biblioteca Pública Metropolitana Salomé Ureña 05/07/2015   RD863.44 M671v BPMSU15051585 05/07/2015 05/07/2015 Libros Colección Dominicana e. 2
    Dewey Decimal Classification     Biblioteca Pública Metropolitana Salomé Ureña Biblioteca Pública Metropolitana Salomé Ureña 05/07/2015   RD863.44 M671v BPMSU15051586 05/07/2015 05/07/2015 Libros Colección Dominicana e. 3